00466 2200181 4500001002100000005001500021035002000036245007900056100002500135300001200160260003700172082000800209084001400217020001800231600001100249990001200260990001200272INLIS00000000000160820250424102136 a0010-04250000241 aMenjadi Perempuan Cerdik Di Mata Laki - Laki Buaya /cWidodo Suryo Saputro0 aWidodo Suryo Saputro a148 hlm aBrebes :bArga Raya Media,c2007 a100 a100 WID m a979-16389-0-6 4aWidodo a0754724 a0754725